| 000 | 00647nam a2200229 a 4500 | ||
|---|---|---|---|
| 001 | 80454 | ||
| 003 | BD-RjUL | ||
| 005 | 20220928101608.0 | ||
| 008 | 220928s1942 enka 001 0 eng d | ||
| 035 | _a(BD-RjUL)80454 | ||
| 040 |
_aDLC _cNcRS _dBD-RjUL _beng |
||
| 041 | _aeng | ||
| 082 |
_223 _a547 _bCOT 1942 |
||
| 100 | 1 |
_aCohen, Julius Berend, _d1859- _9207753 |
|
| 245 | 1 | 0 |
_aTheoretical organic chemistry / _cby Julius B. Cohen. |
| 250 | _a4th ed. | ||
| 260 |
_aLondon; _aNew York : _bMacmillan, _c1942 |
||
| 300 |
_axv, 622 pages : _bill. ; _c18 cm. |
||
| 500 | _aIncludes index | ||
| 650 | 0 |
_aChemistry, Organic. _9207754 |
|
| 942 |
_2ddc _cBK |
||
| 999 |
_c80454 _d80454 |
||